Statystyki dla Państwa europejskie bez litery I

Kliknij tutaj aby rozwiązać quiz!

Ogólne statystyki

  • Ten quiz został rozwiązany 797 razy
  • Średni wynik to 15 z 18

Statystyki odpowiedzi

Kraj% Poprawnych
Polska
98%
Czechy
91%
Szwecja
90%
Rosja
89%
Włochy
89%
Francja
88%
Łotwa
88%
Grecja
83%
Watykan
83%
Andora
82%
Węgry
82%
Luksemburg
80%
Słowacja
79%
Kosowo
76%
Chorwacja
75%
Czarnogóra
75%
Malta
75%
Monako
75%

Rozkład punktacji

Percentyl według liczby udzielonych odpowiedzi

Procent ludzi z każdym wynikiem

Twoja historia wyników

Nie rozwiązałeś tego quizu